000 00451nam a2200181Ia 4500
001 19740
005 20260306172715.0
008 260306t2008||||xx |||||||||||||| ||spa||
041 _aESP
082 _a341
_bP45A
100 _aPérez Lledó, Juan Antonio
_eAUT
245 0 _aEl instrumentalismo jurídico en Estados Unidos
260 _c2008
300 _a242 páginas :
_c20 cm.
650 _aGEN
654 _aCDE
942 _cLIB
_dJUS
_fJUS
_2ddc
_n
999 _c19740
_d19740